[Event "GER-ch Blitz (Women)"]
[Site "Magdeburg"]
[Date "2020.08.15"]
[Round "9"]
[White "Birkholz, Olga"]
[Black "Michna, Marta"]
[Result "0-1"]
[WhiteElo "2001"]
[BlackElo "2350"]
[PlyCount "74"]
[EventDate "2020.07.28"]
[EventType "tourn (blitz)"]
[EventRounds "29"]
[EventCountry "GER"]
[SourceTitle "EXT 2021"]
[Source "ChessBase"]
[SourceDate "2020.10.23"]
[SourceVersion "1"]
[SourceVersionDate "2020.10.23"]
[SourceQuality "1"]

1. e4 e6 2. Qe2 c5 3. f4 Nc6 4. Nf3 d6 5. g3 g6 6. Bg2 Bg7 7. c3 Nge7 8. 0-0 b6 9. d3 Qc7 10. Na3 a6 11. Be3 b5 12. Rac1 Bb7 13. b4 cxb4 14. cxb4 Qd7 15. Nc2 0-0 16. d4 f5 17. e5 Nd5 18. Bd2 dxe5 19. dxe5 Rfd8 20. Rfd1 Bf8 21. a3 h6 22. Nh4 Kh7 23. g4 Be7 24. Qf2 Rg8 25. h3 Rad8 26. Qb6 Nxb6 27. Be3 Nd5 28. Nf3 Qe8 29. Ncd4 Nxe3 30. Re1 Nxg2 31. Kxg2 Nxd4 32. Rc7 Nxf3 33. Rxb7 Nxe1+ 34. Kf2 Rd7 35. Rxd7 Qxd7 36. Kxe1 Rc8 37. gxf5 gxf5 0-1

[Event "GER-ch Blitz (Women)"]
[Site "Magdeburg"]
[Date "2020.08.15"]
[Round "5"]
[White "Heinemann, Josefine"]
[Black "Michna, Marta"]
[Result "1/2-1/2"]
[WhiteElo "2281"]
[BlackElo "2350"]
[PlyCount "80"]
[EventDate "2020.07.28"]
[EventType "tourn (blitz)"]
[EventRounds "29"]
[EventCountry "GER"]
[SourceTitle "EXT 2021"]
[Source "ChessBase"]
[SourceDate "2020.10.23"]
[SourceVersion "1"]
[SourceVersionDate "2020.10.23"]
[SourceQuality "1"]

1. e4 e6 2. d4 d5 3. Nd2 Nf6 4. e5 Nfd7 5. Bd3 c5 6. c3 Nc6 7. Ne2 a5 8. a4 cxd4 9. cxd4 Nb6 10. 0-0 Bd7 11. b3 Nb4 12. Bb1 Bc6 13. Nf3 Be7 14. Ba3 Rc8 15. Qd2 h6 16. Nc3 Qd7 17. Ne1 g5 18. Nd3 Nxd3 19. Bxd3 Bxa3 20. Rxa3 Qe7 21. Nb1 Ra8 22. Rc1 0-0 23. Ra2 f6 24. exf6 Qxf6 25. Qe3 Rae8 26. Re2 Nc8 27. Rce1 Nd6 28. g3 Bd7 29. Qe5 Qxe5 30. Rxe5 Nf7 31. R5e3 Nd6 32. Kg2 Rc8 33. h4 Rf6 34. hxg5 hxg5 35. Rh1 Nf5 36. Bxf5 Rxf5 37. Nd2 Rc2 38. Rd1 Kg7 39. Rf3 Kf6 40. Rxf5+ exf5 1/2-1/2

[Event "GER-ch Blitz (Women)"]
[Site "Magdeburg"]
[Date "2020.08.15"]
[Round "11"]
[White "Kosovska, Olena"]
[Black "Michna, Marta"]
[Result "0-1"]
[WhiteElo "1881"]
[BlackElo "2350"]
[PlyCount "116"]
[EventDate "2020.07.28"]
[EventType "tourn (blitz)"]
[EventRounds "29"]
[EventCountry "GER"]
[SourceTitle "EXT 2021"]
[Source "ChessBase"]
[SourceDate "2020.10.23"]
[SourceVersion "1"]
[SourceVersionDate "2020.10.23"]
[SourceQuality "1"]

1. e4 e6 2. d4 d5 3. Nd2 Nf6 4. e5 Nfd7 5. Bd3 c5 6. c3 Nc6 7. Ne2 a5 8. 0-0 cxd4 9. cxd4 Nb6 10. f4 g6 11. Nf3 h5 12. Bd2 Bd7 13. Rc1 Ne7 14. Qe1 a4 15. Bb4 Bc6 16. Ng5 Qd7 17. a3 Nc4 18. Bxc4 dxc4 19. Qg3 Nf5 20. Qf2 Bxb4 21. axb4 b5 22. Rfd1 Qb7 23. Nc3 Rd8 24. Rd2 0-0 25. Rcd1 Bd5 26. Qe2 Kg7 27. Nce4 Bxe4 28. Nxe4 Ne7 29. Nd6 Qb6 30. Qf2 Nd5 31. Qh4 Rxd6 32. exd6 Qxd6 33. Rf1 Qxb4 34. Re2 Qd6 35. Re5 Nf6 36. Qf2 b4 37. h3 Rd8 38. Rd1 Nd5 39. Qg3 c3 40. bxc3 bxc3 41. Rxh5 Qxf4 42. Qxf4 Nxf4 43. Rc5 Nd5 44. Rc4 Ra8 45. Ra1 a3 46. Kf2 a2 47. Ke2 Nf4+ 48. Ke3 Nxg2+ 49. Kd3 Nf4+ 50. Kxc3 Nxh3 51. Kb2 Nf4 52. Rxa2 Nd3+ 53. Kb3 Rxa2 54. Kxa2 Nf4 55. Kb2 Kf6 56. Kc2 Kf5 57. Kd2 g5 58. Ke3 Nd5+ 0-1

[Event "GER-ch Blitz (Women)"]
[Site "Magdeburg"]
[Date "2020.08.15"]
[Round "4"]
[White "Michna, Marta"]
[Black "Leib, Britta"]
[Result "1-0"]
[WhiteElo "2350"]
[BlackElo "1903"]
[PlyCount "84"]
[EventDate "2020.07.28"]
[EventType "tourn (blitz)"]
[EventRounds "29"]
[EventCountry "GER"]
[SourceTitle "EXT 2021"]
[Source "ChessBase"]
[SourceDate "2020.10.23"]
[SourceVersion "1"]
[SourceVersionDate "2020.10.23"]
[SourceQuality "1"]

1. d4 Nf6 2. c3 g6 3. Nf3 Bg7 4. Bf4 d6 5. h3 0-0 6. Nbd2 c6 7. e4 Nbd7 8. Qc2 Re8 9. Be2 a6 10. a4 b6 11. 0-0 Bb7 12. Rfe1 b5 13. Bf1 Qb6 14. Be3 Qc7 15. Bf4 Qb6 16. Nb3 Rec8 17. axb5 axb5 18. Nfd2 c5 19. dxc5 dxc5 20. Be3 Rxa1 21. Rxa1 Ra8 22. f3 Rxa1 23. Nxa1 Qa6 24. Nab3 c4 25. Nc5 Nxc5 26. Bxc5 e6 27. b3 Qc6 28. Be3 cxb3 29. Qxb3 Ba6 30. Bd4 Nh5 31. Bxg7 Kxg7 32. Qb4 Ng3 33. Qd4+ f6 34. Bd3 e5 35. Qa7+ Bb7 36. Nb3 Kh6 37. Qc5 Qd7 38. Qxb5 Qd6 39. Kf2 Nh5 40. g3 Qd8 41. Nc5 Bc8 42. h4 Bh3 1-0